[Event "Belgrade-chT"]
[Site "Belgrade"]
[Date "2008.10.10"]
[Round "6"]
[White "Zivaljevic, Pavle"]
[Black "Djurasinov, Branislav"]
[Result "1/2-1/2"]
[WhiteElo "2101"]
[BlackElo "2198"]
[PlyCount "52"]
[EventDate "2008.10.05"]
[EventType "team-tourn"]
[EventRounds "9"]
[EventCountry "YUG"]
[SourceTitle "CBM 126 Extra"]
[Source "ChessBase"]
[SourceDate "2008.11.05"]
[SourceVersion "1"]
[SourceVersionDate "2008.11.05"]
[SourceQuality "1"]

1. e4 g6 2. d4 Bg7 3. Nf3 c6 4. c3 d5 5. exd5 cxd5 6. Bf4 Nf6 7. Bb5+ Nbd7 8. 0-0 0-0 9. Re1 a6 10. Bd3 Re8 11. Nbd2 Nf8 12. h3 Ne6 13. Bh2 Bh6 14. Bf1 Bd7 15. Ne5 Rc8 16. Nxd7 Qxd7 17. Nf3 Bf4 18. Ne5 Bxh2+ 19. Kxh2 Qc7 20. Kg1 Kg7 21. Qd2 Qd6 22. Qe3 Rc7 23. a3 Nd7 24. Nd3 Nf6 25. Ne5 Nd7 26. Nd3 Nf6 1/2-1/2

[Event "YUG-ch op"]
[Site "Nis"]
[Date "1996.??.??"]
[Round "3"]
[White "Zivaljevic, Pavle"]
[Black "Krstic, Slobodan1111"]
[Result "0-1"]
[WhiteElo "2240"]
[BlackElo "2065"]
[PlyCount "42"]
[EventDate "1996.??.??"]
[EventType "swiss"]
[EventRounds "10"]
[EventCountry "YUG"]
[SourceTitle "EXT 1999"]
[Source "ChessBase"]
[SourceDate "1998.11.16"]
[SourceVersion "1"]
[SourceVersionDate "1998.11.16"]
[SourceQuality "1"]

1. e4 c5 2. Nf3 Nc6 3. c4 g6 4. d4 cxd4 5. Nxd4 Bg7 6. Be3 Qa5+ 7. Nc3 Nf6 8. Nb3 Qd8 9. f3 e6 10. Qd2 0-0 11. 0-0-0 a5 12. Na4 d5 13. cxd5 exd5 14. Nb6 Rb8 15. Nxd5 Nxd5 16. Qxd5 Qf6 17. e5 Nxe5 18. Qd6 Be6 19. Qa3 Rfc8+ 20. Kb1 b5 21. Nd4 Bf8 0-1